Most spoken Native languages of Mexico - Statistics

General Stats
  • This quiz has been taken 47 times
  • The average score is 10 of 20
Answer Stats
Speakers Language % Correct
254K Ch’ol Maya
97%
60K Chontal Maya
97%
589K Tzetzal Maya
97%
550K Tzotzil Maya
97%
774K Yucatec Maya
97%
1,6 mil Nahuatl
92%
490K Zapotec
61%
526K Mixtec
58%
142K Purépecha
47%
298K Otomí
42%
168K Huastec
25%
139K Mixe
25%
74K Zoque
22%
91K Tarahumara
19%
237K Mazatec
17%
147K Tlapanec
17%
256K Totonac
17%
153K Mazahua
14%
144K Chinantec
8%
66K Tojolab’al
6%
No matching quizzes found
Score Distribution
Percent of People with Each Score
Percentile by Number Answered
Your Score History
You have not taken this quiz